Влияние поверхностно-активных веществ на реологические свойства нефти Казановского месторождения; Химия и химическая технология в XXI веке; Т. 1
| Parent link: | Химия и химическая технология в XXI веке: материалы XII Всероссийской научно-практической конференции студентов и молодых ученых с международным участием, Томск, 11-13 мая 2011 г./ Национальный исследовательский Томский политехнический университет (ТПУ), Институт природных ресурсов (ИПР).— , 2011 Т. 1.— 2011.— [С. 236-238] |
|---|---|
| المؤلف الرئيسي: | |
| مؤلفون آخرون: | , |
| الملخص: | Заглавие с титульного листа Электронная версия печатной публикации |
| اللغة: | الروسية |
| منشور في: |
2011
|
| سلاسل: | Секция 3. Теоретические и прикладные аспекты физической и аналитической химии |
| الموضوعات: | |
| الوصول للمادة أونلاين: | http://www.lib.tpu.ru/fulltext/v/Conferences/2011/C5/C5a121.pdf |
| التنسيق: | MixedMaterials الكتروني فصل الكتاب |
| KOHA link: | https://koha.lib.tpu.ru/cgi-bin/koha/opac-detail.pl?biblionumber=208998 |
MARC
| LEADER | 00000naa2a2200000 4500 | ||
|---|---|---|---|
| 001 | 208998 | ||
| 005 | 20260203161356.0 | ||
| 035 | |a (RuTPU)RU\TPU\book\228283 | ||
| 035 | |a RU\TPU\book\228267 | ||
| 090 | |a 208998 | ||
| 100 | |a 20120208d2011 k y0rusy50 ca | ||
| 101 | 0 | |a rus | |
| 102 | |a RU | ||
| 135 | |a drnn ---uucaa | ||
| 181 | 0 | |a i | |
| 182 | 0 | |a b | |
| 200 | 1 | |a Влияние поверхностно-активных веществ на реологические свойства нефти Казановского месторождения |f Э. Д. Батырова, А. Н. Исламова |g науч. рук. Р. Н. Ширяева | |
| 203 | |a Текст |c электронный | ||
| 215 | |a 1 файл (415 Кб) | ||
| 225 | 1 | |a Секция 3. Теоретические и прикладные аспекты физической и аналитической химии | |
| 300 | |a Заглавие с титульного листа | ||
| 300 | |a Электронная версия печатной публикации | ||
| 320 | |a [Библиогр.: с. 238 (3 назв.)] | ||
| 337 | |a Adobe Reader | ||
| 461 | 1 | |0 (RuTPU)RU\TPU\book\218704 |t Химия и химическая технология в XXI веке |o материалы XII Всероссийской научно-практической конференции студентов и молодых ученых с международным участием, Томск, 11-13 мая 2011 г. |o в 2 т. |f Национальный исследовательский Томский политехнический университет (ТПУ), Институт природных ресурсов (ИПР) |d 2011 | |
| 463 | 1 | |0 (RuTPU)RU\TPU\book\218882 |t Т. 1 |v [С. 236-238] |d 2011 | |
| 610 | 1 | |a нефтяные месторождения | |
| 610 | 1 | |a Казановское месторождение | |
| 610 | 1 | |a вязкие нефти | |
| 610 | 1 | |a реологические свойства | |
| 610 | 1 | |a поверхностно-активные вещества | |
| 610 | 1 | |a влияние | |
| 610 | 1 | |a электронный ресурс | |
| 700 | 1 | |a Батырова |b Э. Д. | |
| 701 | 1 | |a Исламова |b А. Н. | |
| 702 | 1 | |a Ширяева |b Р. Н. |4 727 | |
| 801 | 1 | |a RU |b 63413507 |c 20120118 | |
| 801 | 2 | |a RU |b 63413507 |c 20130218 |g RCR | |
| 856 | 4 | |u http://www.lib.tpu.ru/fulltext/v/Conferences/2011/C5/C5a121.pdf | |
| 942 | |c CF | ||